| 000 | nam a22 a 4500 | ||
|---|---|---|---|
| 999 |
_c4001 _d4001 |
||
| 003 | AKMAL | ||
| 005 | 20170524152834.0 | ||
| 008 | 170524t20002000xxko e | 001 0 eng d | ||
| 020 |
_a9780751309935 _qpaperback |
||
| 020 | _a0751309931 | ||
| 082 | 0 | 4 |
_a771.32 MAY _221 |
| 090 | 2 | 0 |
_a771.32 _bMAY |
| 100 | 1 |
_aMay, Alex, _eauthor. _97854 |
|
| 245 | 1 | 0 |
_aMULTIMEDIA : _bDIGITAL PHOTOGRAPHY / _cALEX MAY |
| 264 | 1 |
_aLondon : _bA Dorling KIndersley Book, _c2000 |
|
| 264 | 4 | _c©2000 | |
| 300 |
_a72 pages : _bcolour photographs ; _c18 cm. |
||
| 490 | 1 | _aESSENTIAL COMPUTERS | |
| 500 | _aIncludes index | ||
| 650 | 1 | 0 |
_aPhotography _xDigital techniques _9963 |
| 650 | 2 | 0 |
_aImage processing _xDigital techniques _9715 |
| 650 | 2 | 0 |
_aDigital cameras _97855 |
| 830 | 0 |
_aESSENTIAL COMPUTERS _9789 |
|
| 942 |
_2ddc _cBOOK |
||